Act swiftly to settle a breach of safety claim (Record no. 74687)

MARC details
000 -LEADER
fixed length control field 01199cab a2200205 4500
001 - CONTROL NUMBER
control field ABS68542
008 - FIXED-LENGTH DATA ELEMENTS--GENERAL INFORMATION
fixed length control field 041220n2004 000 0 eng u
035 ## - SYSTEM CONTROL NUMBER
System control number (Sirsi) u128371
100 ## - MAIN ENTRY--PERSONAL NAME
Personal name Bell, J.
245 ## - TITLE STATEMENT
Title Act swiftly to settle a breach of safety claim
260 ## - PUBLICATION, DISTRIBUTION, ETC.
Date of publication, distribution, etc. 2004
490 ## - SERIES STATEMENT
Series statement Construction News
Volume/sequential designation (6896) 9 December 2004, 26(1)
520 ## - SUMMARY, ETC.
Summary, etc. Recommends that a few precautionary measures can reduce the risk of employees getting injured and help to lower the cost of legal fees, damages and breach of safety fines. Discusses an unnamed case where an accident to an employee resulted in him not being able to work in the construction industry again. Claimant contested that the defendants had created false documents, to prove their case that the claimant should have known not to enter an unsupported pit. Suggests the defendant should have admitted liability and worked towards rehabilitating the claimant back to work, which would have resulted in smaller damages and costs.
590 ## - LOCAL NOTE (RLIN)
Local note ABS
650 ## - SUBJECT ADDED ENTRY--TOPICAL TERM
Topical term or geographic name entry element CONSTRUCTION (HEALTH, SAFETY AND WELFARE) REGULATIONS 1996
650 ## - SUBJECT ADDED ENTRY--TOPICAL TERM
Topical term or geographic name entry element WORKPLACE ACCIDENTS
650 ## - SUBJECT ADDED ENTRY--TOPICAL TERM
Topical term or geographic name entry element DAMAGES
690 ## - LOCAL SUBJECT ADDED ENTRY--TOPICAL TERM (OCLC, RLIN)
Topical term or geographic name as entry element Health and safety
9 (RLIN) 6244
942 ## - ADDED ENTRY ELEMENTS (KOHA)
Suppress in OPAC 0
Holdings
Withdrawn status Lost status Source of classification or shelving scheme Damaged status Not for loan Home library Current library Shelving location Date acquired Total Checkouts Full call number Barcode Date last seen Copy number Price effective from Koha item type
    Dewey Decimal Classification     London London Journal article 20/12/2004   ABS68542 128371-1001 06/08/2019 1 06/08/2019 Journal article